000 00660nam a2200265Ia 4500
005 20260302115619.0
008 008 260114s9999 xx 000 0 eng d
020 _a9781623566975
037 _aTextbook
040 _aCRL
040 _beng
040 _cCRL
041 _2eng
041 _aeng
084 _qCRL
100 _aLadrica Menson-Furr
_91122146
245 0 _aAugust Wilson's Fences
260 _bBloomsbury
260 _bContinuum
260 _c2012
650 _aLiterary Studies
856 _uhttps://doi.org/10.5040/9781623566975?locatt=label:secondary_bloomsburyCollections
942 _cEBOOK
999 _c1686850
_d1686850